| 000 | 00558nam a22001817a 4500 | ||
|---|---|---|---|
| 005 | 20251108165541.0 | ||
| 008 | 250721s1991 xx 000 0 ara d | ||
| 082 | 1 | 4 | _aط/511.07/ريا |
| 100 | 1 | _aأبو الرب، رياض صالح | |
| 245 | 1 | 0 | _aالطريقة الحديثة لتعليم مبادئ الحساب بسهولة و يسر / |
| 264 | 1 |
_aإربد : _bالمؤلف، _c1991. |
|
| 300 | _a15ص | ||
| 650 | 1 | 7 | _aالحساب |
| 650 | 1 | 7 | _aالتدريس |
| 650 | 1 | 7 | _aالدراسة الإلزامية |
| 942 |
_2ddc _cBK |
||
| 999 |
_c30559 _d30559 |
||